[Event "Berlin Lichtenberger op 18th"]
[Site "Berlin"]
[Date "2019.08.25"]
[Round "9"]
[White "Caglar, Erdal"]
[Black "Schilly, Hans Joachim"]
[Result "1-0"]
[WhiteElo "1514"]
[BlackElo "1739"]
[PlyCount "69"]
[EventDate "2019.08.17"]
[EventType "swiss"]
[EventRounds "9"]
[EventCountry "GER"]
[SourceTitle "EXT 2020"]
[Source "ChessBase"]
[SourceDate "2019.10.17"]
[SourceVersion "1"]
[SourceVersionDate "2019.10.17"]
[SourceQuality "1"]

1. d4 d5 2. Nf3 Nf6 3. Bf4 c6 4. e3 Bg4 5. h3 Bh5 6. Be2 e6 7. Nbd2 Be7 8. Ne5 Bxe2 9. Qxe2 Nbd7 10. c3 0-0 11. 0-0 a6 12. a3 c5 13. Ndf3 Ne4 14. Nxd7 Qxd7 15. Ne5 Qd8 16. Rad1 Bd6 17. Qg4 f5 18. Qh5 Nf6 19. Qg5 Rc8 20. Rfe1 Qe8 21. dxc5 Ne4 22. cxd6 Nxg5 23. d7 Qe7 24. dxc8Q Rxc8 25. Bxg5 Qxg5 26. c4 f4 27. exf4 Qxf4 28. cxd5 Rd8 29. dxe6 Rxd1 30. Rxd1 Qf6 31. Rd6 g6 32. Ng4 Qe7 33. Nh6+ Kg7 34. Rd7 Kf6 35. Ng8+ 1-0

[Event "Berlin Lichtenberger op 18th"]
[Site "Berlin"]
[Date "2019.08.21"]
[Round "5"]
[White "Zuehlke, Burkhard"]
[Black "Schilly, Hans Joachim"]
[Result "1/2-1/2"]
[WhiteElo "2009"]
[BlackElo "1739"]
[PlyCount "33"]
[EventDate "2019.08.17"]
[EventType "swiss"]
[EventRounds "9"]
[EventCountry "GER"]
[SourceTitle "EXT 2020"]
[Source "ChessBase"]
[SourceDate "2019.10.17"]
[SourceVersion "1"]
[SourceVersionDate "2019.10.17"]
[SourceQuality "1"]

1. d4 d5 2. c4 c6 3. cxd5 cxd5 4. Bf4 Nf6 5. Nc3 a6 6. e3 Nc6 7. Bd3 Bg4 8. Qb3 Na5 9. Qc2 e6 10. Nf3 Be7 11. Ne5 Bh5 12. 0-0 Rc8 13. f3 b5 14. Qf2 Nc4 15. Rad1 Bg6 16. e4 Nxe5 17. Bxe5 1/2-1/2

[Event "Berlin Cup KO"]
[Site "Berlin"]
[Date "2018.08.30"]
[Round "1.6"]
[White "Schilly, Hans Joachim"]
[Black "Daum, Norman"]
[Result "0-1"]
[WhiteElo "1669"]
[BlackElo "2060"]
[PlyCount "46"]
[EventDate "2018.08.30"]
[EventType "k.o."]
[EventRounds "5"]
[EventCountry "GER"]
[SourceTitle "EXT 2022"]
[Source "ChessBase"]
[SourceDate "2021.10.06"]
[SourceVersion "1"]
[SourceVersionDate "2021.10.06"]
[SourceQuality "1"]

1. c4 e5 2. Nc3 Nc6 3. Nf3 f5 4. d3 Bb4 5. Bd2 Nf6 6. a3 Bxc3 7. Bxc3 d6 8. e4 fxe4 9. Ng5 Bf5 10. dxe4 Nxe4 11. Nxe4 Bxe4 12. Qg4 Bg6 13. 0-0-0 0-0 14. f3 Qe7 15. Bd3 Bxd3 16. Rxd3 Rf4 17. Qg3 Rxc4 18. Kb1 Rf8 19. b3 Rcf4 20. Qe1 Qg5 21. Bd2 Qg6 22. Qf1 Rd4 23. Kc2 Rxd3 0-1

[Event "Berlin Lichtenberger op 17th"]
[Site "Berlin"]
[Date "2018.08.22"]
[Round "5"]
[White "Timm, Christian"]
[Black "Schilly, Hans Joachim"]
[Result "1-0"]
[WhiteElo "1651"]
[BlackElo "1771"]
[PlyCount "91"]
[EventDate "2018.08.18"]
[EventType "swiss"]
[EventRounds "9"]
[EventCountry "GER"]
[SourceTitle "CBM 186 Extra"]
[Source "ChessBase"]
[SourceDate "2018.08.24"]
[SourceVersion "1"]
[SourceVersionDate "2018.08.24"]
[SourceQuality "1"]

1. Nf3 d5 2. g3 Bf5 3. d4 c6 4. Bg2 e6 5. 0-0 Be7 6. c3 Nd7 7. b4 h6 8. a4 Ngf6 9. Ba3 Nb6 10. Nbd2 0-0 11. a5 Nbd7 12. Qb3 a6 13. c4 Qc7 14. Rfc1 Qb8 15. cxd5 exd5 16. Bb2 Ne4 17. Nxe4 Bxe4 18. Nd2 Bxg2 19. Kxg2 Nf6 20. Re1 Qd6 21. Ba3 Qd7 22. Nf3 Qf5 23. Qe3 Bd6 24. Nh4 Qd7 25. Qd3 Ne4 26. f3 Ng5 27. Nf5 Rfe8 28. h4 Nh7 29. Nxd6 Qxd6 30. b5 Qd7 31. bxc6 bxc6 32. Rab1 Nf6 33. Rb6 Qc8 34. Rc1 Re6 35. Qc2 Qe8 36. Kf2 Nh5 37. Rxc6 g5 38. Rxe6 fxe6 39. hxg5 hxg5 40. Bd6 Ng7 41. Rh1 Nh5 42. g4 Rc8 43. Qd3 Nf6 44. Be5 Nxg4+ 45. fxg4 Qf7+ 46. Kg2 1-0

[Event "Berlin Lichtenberger op 17th"]
[Site "Berlin"]
[Date "2018.08.20"]
[Round "3"]
[White "Eberlein, Johann"]
[Black "Schilly, Hans Joachim"]
[Result "1-0"]
[WhiteElo "1936"]
[BlackElo "1771"]
[PlyCount "87"]
[EventDate "2018.08.18"]
[EventType "swiss"]
[EventRounds "9"]
[EventCountry "GER"]
[SourceTitle "CBM 186 Extra"]
[Source "ChessBase"]
[SourceDate "2018.08.24"]
[SourceVersion "1"]
[SourceVersionDate "2018.08.24"]
[SourceQuality "1"]

1. Nc3 d5 2. e4 c6 3. Qe2 dxe4 4. Nxe4 Bf5 5. Nf3 e6 6. d4 Nd7 7. Bd2 Ngf6 8. Nxf6+ Nxf6 9. 0-0-0 a5 10. Nh4 Bg6 11. Nxg6 hxg6 12. Bf4 Be7 13. Qf3 Qd5 14. Qxd5 Nxd5 15. Bd2 b5 16. c3 b4 17. Be2 bxc3 18. bxc3 0-0 19. Kc2 a4 20. Rb1 Rfb8 21. Bf3 g5 22. c4 Nb4+ 23. Bxb4 Rxb4 24. Rxb4 Bxb4 25. Bxc6 Rd8 26. Rd1 Rc8 27. Bxa4 Bd6 28. Bb5 Kf8 29. Kb3 Rd8 30. a4 Ke7 31. h3 f5 32. Rd3 g4 33. c5 Bc7 34. Kc4 gxh3 35. Rxh3 Ba5 36. Rh7 Kf6 37. Rh1 g5 38. Rh6+ Kf7 39. f3 Bd2 40. Rh7+ Kf6 41. c6 Kg6 42. c7 Ra8 43. Re7 Kf6 44. Re8 1-0

[Event "Berlin Lichtenberger op 17th"]
[Site "Berlin"]
[Date "2018.08.19"]
[Round "2"]
[White "Schilly, Hans Joachim"]
[Black "Lange, Johannes Friedrich"]
[Result "1-0"]
[WhiteElo "1771"]
[BlackElo "1447"]
[PlyCount "71"]
[EventDate "2018.08.18"]
[EventType "swiss"]
[EventRounds "9"]
[EventCountry "GER"]
[SourceTitle "CBM 186 Extra"]
[Source "ChessBase"]
[SourceDate "2018.08.24"]
[SourceVersion "1"]
[SourceVersionDate "2018.08.24"]
[SourceQuality "1"]

1. c4 e5 2. Nc3 Nf6 3. Nf3 Nc6 4. d3 d5 5. cxd5 Nxd5 6. g3 Bb4 7. Bd2 0-0 8. Bg2 Nxc3 9. bxc3 Bc5 10. 0-0 Bg4 11. h3 Be6 12. Ng5 Bd5 13. Ne4 Bb6 14. c4 Be6 15. a4 a6 16. a5 Ba7 17. Rb1 Rb8 18. Kh2 b6 19. Nc5 Nxa5 20. Nxa6 Rc8 21. c5 Bd5 22. Bxa5 bxa5 23. Ra1 Bxg2 24. Kxg2 Qd5+ 25. e4 Qd4 26. Rxa5 Qc3 27. Ra4 Rfd8 28. Nb4 Bxc5 29. Nd5 Qb2 30. Rc4 Qa3 31. Qc2 Bd6 32. Rc1 c5 33. Ra4 c4 34. Rxa3 Bxa3 35. Rb1 cxd3 36. Qxd3 1-0

[Event "Berlin Eckbauer op 20th"]
[Site "Berlin"]
[Date "2017.11.13"]
[Round "5"]
[White "Meinicke, Kurt"]
[Black "Schilly, Hans Joachim"]
[Result "0-1"]
[WhiteElo "1512"]
[BlackElo "1773"]
[PlyCount "82"]
[EventDate "2017.10.09"]
[EventType "swiss"]
[EventRounds "7"]
[EventCountry "GER"]
[SourceTitle "CBM 189 Extra"]
[Source "ChessBase"]
[SourceDate "2019.06.03"]
[SourceVersion "1"]
[SourceVersionDate "2019.06.03"]
[SourceQuality "1"]

1. d4 d5 2. c4 e5 3. dxe5 d4 4. Nf3 Nc6 5. e3 Bb4+ 6. Bd2 dxe3 7. fxe3 Bg4 8. Be2 Qe7 9. Nc3 Bxf3 10. Bxf3 Qh4+ 11. g3 Qxc4 12. Bd5 Qd3 13. Qf3 Nxe5 14. Qe4 Qxe4 15. Bxe4 0-0-0 16. a3 Ba5 17. b4 Bb6 18. Nd5 Nf6 19. Nxf6 gxf6 20. Rf1 Rd6 21. Ke2 Kb8 22. Bc3 Re8 23. Bf5 Ng6 24. Rf3 h5 25. a4 a6 26. a5 Ba7 27. Bxg6 fxg6 28. Bxf6 Kc8 29. Bg5 Rd4 30. Rb1 Rd5 31. h4 Rde5 32. Rc1 c6 33. Rc4 R5e6 34. Rcf4 Bxe3 35. Kd3 Bxf4 36. Bxf4 Rd8+ 37. Kc3 Rd5 38. Be3 Rf5 39. Bf4 Re4 40. Kd3 Rxb4 41. Re3 Rb3+ 0-1

[Event "Berlin Cup KO"]
[Site "Berlin"]
[Date "2016.09.08"]
[Round "1.15"]
[White "Schilly, Hans Joachim"]
[Black "Krefenstein, Sergej"]
[Result "0-1"]
[WhiteElo "1658"]
[BlackElo "2096"]
[PlyCount "50"]
[EventDate "2016.09.08"]
[EventType "k.o."]
[EventRounds "5"]
[EventCountry "GER"]
[SourceTitle "EXT 2022"]
[Source "ChessBase"]
[SourceDate "2021.10.06"]
[SourceVersion "1"]
[SourceVersionDate "2021.10.06"]
[SourceQuality "1"]

1. c4 e6 2. e4 d5 3. exd5 exd5 4. d4 Nf6 5. Nf3 c5 6. Nc3 cxd4 7. Nxd5 Nxd5 8. cxd5 Qa5+ 9. Bd2 Qxd5 10. Qa4+ Nc6 11. Bc4 Qe4+ 12. Kd1 Qg4 13. Re1+ Be7 14. Bf1 0-0 15. h3 Qh5 16. g4 Qd5 17. Bg2 Be6 18. Nh4 Qd7 19. Nf5 Bxf5 20. gxf5 Bf6 21. Qb5 Rfd8 22. Rc1 Rac8 23. Qd3 Ne5 24. Qb1 Rxc1+ 25. Kxc1 d3 0-1

[Event "Berlin Lichtenberger op 14th"]
[Site "Berlin"]
[Date "2015.08.15"]
[Round "1"]
[White "Schilly, Hans Joachim"]
[Black "Reichenbach, Werner"]
[Result "0-1"]
[WhiteElo "1839"]
[BlackElo "2241"]
[PlyCount "76"]
[EventDate "2015.08.15"]
[EventType "swiss"]
[EventRounds "9"]
[EventCountry "GER"]
[SourceTitle "EXT 2016"]
[Source "ChessBase"]
[SourceDate "2015.10.08"]
[SourceVersion "1"]
[SourceVersionDate "2015.10.08"]
[SourceQuality "1"]

1. c4 e5 2. Nc3 Nf6 3. g3 c6 4. Bg2 d5 5. cxd5 cxd5 6. d4 exd4 7. Qxd4 Nc6 8. Qd1 d4 9. Ne4 Nxe4 10. Bxe4 Qa5+ 11. Bd2 Qb6 12. Nf3 Be7 13. 0-0 0-0 14. Qc2 h6 15. Rfc1 Bd7 16. Bf5 Rad8 17. a3 Bf6 18. Rab1 Rfe8 19. Bxd7 Rxd7 20. Qf5 Qd8 21. Qb5 a6 22. Qd3 Qe7 23. Re1 Rd6 24. Rbc1 Re6 25. Kf1 Re4 26. Rc4 Qe6 27. b4 g5 28. Rc5 Be7 29. Rcc1 Qd5 30. Qc4 Qf5 31. Kg2 Bf6 32. Qc5 Qd7 33. Ng1 R4e5 34. Qc4 R8e6 35. Nf3 Re4 36. Ng1 Bg7 37. h3 d3 38. Qxd3 Rd4 0-1

[Event "Berlin Lichtenberger op 13th"]
[Site "Berlin"]
[Date "2014.08.19"]
[Round "4"]
[White "Kornrumpf, Joachim"]
[Black "Schilly, Hans Joachim"]
[Result "1-0"]
[WhiteElo "2061"]
[BlackElo "1804"]
[PlyCount "63"]
[EventDate "2014.08.16"]
[EventType "swiss"]
[EventRounds "9"]
[EventCountry "GER"]
[SourceTitle "CBM 161 Extra"]
[Source "ChessBase"]
[SourceDate "2014.08.29"]
[SourceVersion "1"]
[SourceVersionDate "2014.08.29"]
[SourceQuality "1"]

1. Nf3 Nf6 2. b3 Nc6 3. Bb2 d6 4. d4 Bf5 5. a3 e6 6. e3 Be7 7. c4 d5 8. c5 0-0 9. Bd3 Bxd3 10. Qxd3 Na5 11. Nbd2 Ne4 12. b4 Nxd2 13. Nxd2 Nc6 14. 0-0 f5 15. b5 Nb8 16. a4 g5 17. f3 Rf6 18. Rac1 c6 19. e4 f4 20. Rfe1 Nd7 21. Re2 Nf8 22. Rce1 Ng6 23. Bc3 Qd7 24. Rb1 h5 25. bxc6 Qxc6 26. Qb5 g4 27. Qxb7 Qxb7 28. Rxb7 e5 29. exd5 gxf3 30. Nxf3 Ra6 31. d6 Bd8 32. dxe5 1-0

[Event "Berlin Lichtenberger op 13th"]
[Site "Berlin"]
[Date "2014.08.17"]
[Round "2"]
[White "Kaufmann, Mathias"]
[Black "Schilly, Hans Joachim"]
[Result "0-1"]
[WhiteElo "1559"]
[BlackElo "1804"]
[PlyCount "82"]
[EventDate "2014.08.16"]
[EventType "swiss"]
[EventRounds "9"]
[EventCountry "GER"]
[SourceTitle "CBM 161 Extra"]
[Source "ChessBase"]
[SourceDate "2014.08.29"]
[SourceVersion "1"]
[SourceVersionDate "2014.08.29"]
[SourceQuality "1"]

1. c4 e5 2. d3 Nf6 3. Nf3 Nc6 4. Nc3 d5 5. cxd5 Nxd5 6. Nxd5 Qxd5 7. g3 Be6 8. Bg2 Bb4+ 9. Bd2 Bxd2+ 10. Qxd2 Qd7 11. a3 0-0 12. 0-0 Bh3 13. Rac1 Bxg2 14. Kxg2 Rfe8 15. Qc2 Rac8 16. Rfd1 Nd4 17. Nxd4 exd4 18. Rd2 Re6 19. Qd1 Rh6 20. Qh1 c5 21. Rdc2 b6 22. b4 Qd5+ 23. Kg1 Qxh1+ 24. Kxh1 Rhc6 25. bxc5 Rxc5 26. Rxc5 Rxc5 27. Rxc5 bxc5 28. Kg2 Kf8 29. Kf3 Ke7 30. Ke4 Ke6 31. f4 f5+ 32. Kf3 Kd5 33. h3 c4 34. dxc4+ Kxc4 35. g4 g6 36. a4 a5 37. Kf2 Kb4 38. Ke1 Kxa4 39. Kd2 Kb3 40. Kc1 a4 41. Kb1 Kc3 0-1

[Event "Berlin Eckbauer op 13th"]
[Site "Berlin"]
[Date "2010.10.25"]
[Round "6.19"]
[White "Hoffmann, Peter"]
[Black "Schilly, Hans Joachim"]
[Result "1-0"]
[WhiteElo "2062"]
[BlackElo "1838"]
[PlyCount "51"]
[EventDate "2010.09.13"]
[EventType "swiss"]
[EventRounds "7"]
[EventCountry "GER"]
[SourceTitle "EXT 2022"]
[Source "ChessBase"]
[SourceDate "2021.10.06"]
[SourceVersion "1"]
[SourceVersionDate "2021.10.06"]
[SourceQuality "1"]

1. d4 d5 2. c4 e5 3. dxe5 d4 4. a3 Nc6 5. e3 dxe3 6. Qxd8+ Kxd8 7. Bxe3 Nxe5 8. Nf3 Nxf3+ 9. gxf3 Nf6 10. Nc3 c6 11. 0-0-0+ Ke8 12. Bd3 Be7 13. Rhe1 Kf8 14. Ne2 Nh5 15. Nd4 g6 16. Bh6+ Ke8 17. Bf1 f6 18. c5 g5 19. Bc4 Nf4 20. Bg7 Nd5 21. Bxh8 Kf7 22. b4 Bh3 23. Bxd5+ cxd5 24. Nb5 Rxh8 25. Rxd5 Bg2 26. Rd7 1-0

[Event "Berlin Eckbauer op 13th"]
[Site "Berlin"]
[Date "2010.09.27"]
[Round "3.24"]
[White "Alves, Christopher"]
[Black "Schilly, Hans Joachim"]
[Result "1-0"]
[WhiteElo "1357"]
[BlackElo "1838"]
[PlyCount "89"]
[EventDate "2010.09.13"]
[EventType "swiss"]
[EventRounds "7"]
[EventCountry "GER"]
[SourceTitle "EXT 2022"]
[Source "ChessBase"]
[SourceDate "2021.10.06"]
[SourceVersion "1"]
[SourceVersionDate "2021.10.06"]
[SourceQuality "1"]

1. c4 e5 2. Nc3 c5 3. g3 Nc6 4. Bg2 f5 5. e3 Nf6 6. Nge2 Be7 7. 0-0 0-0 8. d4 cxd4 9. exd4 e4 10. d5 Ne5 11. d6 Nf3+ 12. Bxf3 exf3 13. dxe7 Qxe7 14. Nd4 Ne4 15. Qxf3 Qc5 16. Nxe4 Qxd4 17. Nd2 Kh8 18. Rb1 d6 19. b3 f4 20. Qe4 Qc5 21. Qd5 Qb6 22. Ne4 Bh3 23. Re1 fxg3 24. hxg3 Rf5 25. Qxd6 Qa5 26. Be3 Rd8 27. b4 Rxd6 28. bxa5 Re6 29. Rxb7 h6 30. Nc3 Bg4 31. Rxa7 Bf3 32. g4 Rg6 33. g5 hxg5 34. Ne2 Rh6 35. Ng3 Rh3 36. Bd4 Bc6 37. Rxg7 Rf4 38. Rc7+ Kg8 39. Rxc6 Rxd4 40. Kg2 Rhh4 41. Re8+ Kf7 42. Ra8 Rd7 43. a6 Rhd4 44. a7 Rd2 45. Rh8 1-0

[Event "Berlin Eckbauer op 13th"]
[Site "Berlin"]
[Date "2010.09.20"]
[Round "2.25"]
[White "Schilly, Hans Joachim"]
[Black "Valamanesh, Habib"]
[Result "1-0"]
[WhiteElo "1838"]
[BlackElo "1633"]
[PlyCount "63"]
[EventDate "2010.09.13"]
[EventType "swiss"]
[EventRounds "7"]
[EventCountry "GER"]
[SourceTitle "EXT 2022"]
[Source "ChessBase"]
[SourceDate "2021.10.06"]
[SourceVersion "1"]
[SourceVersionDate "2021.10.06"]
[SourceQuality "1"]

1. c4 Nf6 2. Nc3 e5 3. Nf3 Nc6 4. g3 d6 5. Bg2 Be6 6. d3 h6 7. 0-0 Be7 8. e4 0-0 9. Nd5 Qd7 10. Nxf6+ Bxf6 11. Be3 Bh3 12. Ne1 Bxg2 13. Nxg2 Ne7 14. b4 c6 15. a4 d5 16. cxd5 cxd5 17. Qf3 dxe4 18. dxe4 Qe6 19. Rfd1 b6 20. a5 b5 21. Ne1 Rfc8 22. Bc5 Rc6 23. Rd3 Qc4 24. Rc3 Qe6 25. Rd1 a6 26. Rcd3 Ng6 27. Rd6 Rxd6 28. Rxd6 Qe8 29. Kg2 Bg5 30. Qd3 Kh7 31. Nf3 Rd8 32. Nxg5+ 1-0

[Event "Berlin Eckbauer op 11th"]
[Site "Berlin"]
[Date "2008.09.29"]
[Round "4.21"]
[White "Musielak, Manfred"]
[Black "Schilly, Hans Joachim"]
[Result "1-0"]
[WhiteElo "1482"]
[BlackElo "1829"]
[PlyCount "76"]
[EventDate "2008.09.08"]
[EventType "swiss"]
[EventRounds "6"]
[EventCountry "GER"]
[SourceTitle "EXT 2022"]
[Source "ChessBase"]
[SourceDate "2021.10.06"]
[SourceVersion "1"]
[SourceVersionDate "2021.10.06"]
[SourceQuality "1"]

1. e4 c6 2. d4 d5 3. Nc3 dxe4 4. Nxe4 Nf6 5. Nxf6+ exf6 6. Nf3 Bd6 7. Bc4 0-0 8. 0-0 Bg4 9. h3 Bh5 10. Qd3 Nd7 11. Re1 Nb6 12. Bb3 Bc7 13. Nh4 Qd6 14. g3 Rae8 15. Bf4 Qe7 16. Bxc7 Qxc7 17. Qf5 Bg6 18. Nxg6 hxg6 19. Qxg6 Nd5 20. Qh5 Qa5 21. Re2 g6 22. Qf3 Kg7 23. Rae1 Qxe1+ 24. Rxe1 Rxe1+ 25. Kg2 Rfe8 26. Bxd5 cxd5 27. Qxd5 Rc1 28. c4 Rc2 29. b4 Ree2 30. Qf3 Rxa2 31. Kf1 Reb2 32. b5 Rc2 33. c5 Rab2 34. g4 Rxb5 35. g5 fxg5 36. Qe3 Rb1+ 37. Kg2 Rcc1 38. Qe5+ Kh6 1-0

[Event "Berlin Eckbauer op 10th"]
[Site "Berlin"]
[Date "2007.10.09"]
[Round "4"]
[White "Schilly, Hans Joachim"]
[Black "Jurkatis, Hagen"]
[Result "0-1"]
[WhiteElo "1824"]
[BlackElo "1911"]
[PlyCount "46"]
[EventDate "2007.08.18"]
[EventType "swiss"]
[EventRounds "7"]
[EventCountry "GER"]
[SourceTitle "EXT 2022"]
[Source "ChessBase"]
[SourceDate "2021.10.06"]
[SourceVersion "1"]
[SourceVersionDate "2021.10.06"]
[SourceQuality "1"]

1. c4 e5 2. Nc3 Nc6 3. Nf3 f5 4. d3 Bb4 5. Bd2 Nf6 6. a3 Bxc3 7. Bxc3 d6 8. b4 Qe7 9. e3 0-0 10. Be2 Bd7 11. 0-0 e4 12. Nd4 Ne5 13. b5 Rae8 14. Nb3 Nfg4 15. d4 Nd3 16. Bxd3 exd3 17. h3 Nf6 18. Qxd3 Ne4 19. Bb4 Rf6 20. c5 Rg6 21. Rfc1 Qg5 22. Qf1 Bxb5 23. f4 Qg3 0-1